OMS, série de rapports techniques; N.815 évaluation des résidus de certains médicaments vétérinaires dans les aliments,Trente-huitième rapport du comité mixte FAO/OMS d'experts des additifs alimentaires

Αποθηκεύτηκε σε:
Λεπτομέρειες βιβλιογραφικής εγγραφής
Κύριος συγγραφέας: OMS
Μορφή: Βιβλίο
Γλώσσα:Undetermined
Έκδοση: Genève OMS 1991
Θέματα:
Ετικέτες: Προσθήκη ετικέτας
Δεν υπάρχουν, Καταχωρήστε ετικέτα πρώτοι!
Thư viện lưu trữ: Trung tâm Học liệu Trường Đại học Cần Thơ
LEADER 00729nam a2200193Ia 4500
001 CTU_6750
008 210402s9999 xx 000 0 und d
082 |a 614 
082 |b O.68f/N.815 
100 |a OMS 
245 0 |a OMS, série de rapports techniques; N.815 
245 0 |b évaluation des résidus de certains médicaments vétérinaires dans les aliments,Trente-huitième rapport du comité mixte FAO/OMS d'experts des additifs alimentaires 
245 0 |c OMS,FAO 
260 |a Genève 
260 |b OMS 
260 |c 1991 
650 |a drug residues - analysis,drug therapy - veterinary,food contamination 
904 |i Nguyễn Quang Điền, 960823 
980 |a Trung tâm Học liệu Trường Đại học Cần Thơ